Normal view
MARC view
Entry Nombre corporativo
001 - NÚMERO DE CONTROL
- campo de control: 11618
003 - IDENTIFICADOR DE NÚMERO DE CONTROL
- campo de control: OSt
005 - FECHA Y HORA DE LA ÚLTIMA TRANSACCIÓN
- campo de control: 20221005155502.0
008 - ELEMENTOS DE DATO DE LONGITUD-FIJA
- campo de control de longitud fija: 221005|| aca||aabn | a|a d
040 ## - FUENTE DE CATALOGACIÓN
- Centro catalogador/agencia de origen: OSt
- Centro/agencia transcriptor: OSt
110 ## - ENCABEZAMIENTO-NOMBRE DE ENTIDAD CORPORATIVA
- Nombre de entidad corporativa o nombre de jurisdicción como elemento de entrada: SEMINARIO SOBRE MUJER Y SINDICALISMO EN CENTROAMERICA Y EL CARIBE Y SU REPERCUSION EN LA MAQUILA
- Sede del congreso/Lugar de la reunión: La Antigua, Guatemala
- Fecha del congreso o de la firma del tratado: 2003
670 ## - FUENTE DE DATOS ENCONTRADOS
- Cita de la fuente: Work cat.: (OSt)11682: SEMINARIO SOBRE MUJER Y SINDICALISMO EN CENTROAMERICA Y EL CARIBE Y SU REPERCUSION EN LA MAQUILA La Antigua, Guatemala 2003, Seminario sobre Mujer y sindicalismo en Centroamerica y Caribe y su repercusión en la maquila, realizado en La Antigua, Guatemala, del 21 al 28 de marzo del 2003 :, 2003